Massachusetts Superlatives - Statistics

General Stats
  • This quiz has been taken 33 times
  • The average score is 9 of 12
Answer Stats
Hint Answer % Correct
Largest City Boston
100%
Busiest Airport Boston Logan International Airport
93%
All-Time Highest Recorded Temperature (°F) 107°F (New Bedford and Chester)
79%
Largest Island Martha's Vineyard
79%
Oldest continuously inhabited settlement Plymouth
79%
Largest County (Population) Middlesex
75%
Longest River Connecticut
71%
Largest County (Area) Worcester
71%
Largest four-year college or university campus (by total enrollment) Boston University
68%
All-Time Lowest Recorded Temperature (°F) -40°F (Chester)
57%
Largest Lake Quabbin Reservoir
54%
Highest Point Mt. Greylock
46%
No matching quizzes found
Score Distribution
Percent of People with Each Score
Percentile by Number Answered
Your Score History
You have not taken this quiz